এনজিওদের ষড়যন্ত্রের কবলে বাংলাদেশ / (Record no. 57000)
[ view plain ]
| 000 -LEADER | |
|---|---|
| fixed length control field | 00910nam a2200217 a 4500 |
| 001 - CONTROL NUMBER | |
| control field | 57000 |
| 003 - CONTROL NUMBER IDENTIFIER | |
| rucl marc code | BD-RjUL |
| 005 - DATE AND TIME OF LATEST TRANSACTION | |
| control field | 20211209080446.0 |
| 008 - FIXED-LENGTH DATA ELEMENTS--GENERAL INFORMATION | |
| fixed length control field | 161205s1999 bg ||||| |||| 00| 0 ben d |
| 035 ## - SYSTEM CONTROL NUMBER | |
| System control number | (BD-RjUL)57124 |
| 040 ## - CATALOGING SOURCE | |
| Original cataloging agency | BD-RjUL |
| Language of cataloging | ben |
| Transcribing agency | BD-RjUL |
| Modifying agency | BD-RjUL |
| 041 ## - LANGUAGE CODE | |
| Language code of text/sound track or separate title | ben |
| 082 ## - DEWEY DECIMAL CLASSIFICATION NUMBER | |
| Edition number | 23 |
| Classification number | 338.91095492 |
| Author mark and year | HON 1999 |
| 100 ## - MAIN ENTRY--PERSONAL NAME | |
| Personal name | হক, মুহাম্মদ এনামুল |
| 9 (RLIN) | 169387 |
| 245 10 - TITLE STATEMENT | |
| Title | এনজিওদের ষড়যন্ত্রের কবলে বাংলাদেশ / |
| Statement of responsibility, etc. | মুহাম্মদ এনামুল হক |
| 260 ## - PUBLICATION, DISTRIBUTION, ETC. (IMPRINT) | |
| Place of publication, distribution, etc. | ঢাকা : |
| Name of publisher, distributor, etc. | নাছিমা পাবলিকেশন্স, |
| Date of publication, distribution, etc. | ১৯৯৯ |
| 300 ## - PHYSICAL DESCRIPTION | |
| Pagination | ৪৯৬ পৃ. ; |
| Size | ২৫ সেমি. |
| 650 ## - SUBJECT ADDED ENTRY--TOPICAL TERM | |
| Topical term or geographic name as entry element | বেসরকারি সংস্থা |
| Geographic subdivision | বাংলাদেশ. |
| 9 (RLIN) | 169115 |
| Topical term or geographic name as entry element | Non-governmental organizations |
| Geographic subdivision | Bangladesh. |
| 9 (RLIN) | 167915 |
| 942 ## - ADDED ENTRY ELEMENTS (KOHA) | |
| Source of classification or shelving scheme | Dewey Decimal Classification |
| Koha item type | Books |
| Lost status | Source of classification or shelving scheme | Damaged status | Not for loan | Collection code | Permanent Location | Current Location | Shelving location | Date acquired | Source of acquisition | Total Checkouts | Full call number | Date last seen | Copy number | Koha item type |
|---|---|---|---|---|---|---|---|---|---|---|---|---|---|---|
| Dewey Decimal Classification | Not For Loan | Non-fiction | Central Library, University of Rajshahi | Central Library, University of Rajshahi | Reading Room | 05/12/2011 | Author, gift | B 338.91095492 HON 1999 | 05/12/2016 | C-1 | Books |